00339nam a22000977a 4500008004100000082001500041110005000056245006000106260006700166300000800233230619b xxu||||| |||| 00| 0 eng d a301.4bSDI bstate department of information pretoria 1974 aMulti-National Development in South AfricabThe Reality apretoria, S.Abstate department of information pretoria c1974 a96p